[Event "Wiesbaden op 25th"]
[Site "Wiesbaden"]
[Date "2013.08.23"]
[Round "3"]
[White "Schoeneberger, Thomas"]
[Black "Gauer, Jakob"]
[Result "0-1"]
[WhiteElo "1382"]
[BlackElo "1898"]
[PlyCount "156"]
[EventDate "2013.08.22"]
[EventType "swiss"]
[EventRounds "7"]
[EventCountry "GER"]
[SourceTitle "EXT 2014"]
[Source "ChessBase"]
[SourceDate "2013.11.20"]
[SourceVersion "1"]
[SourceVersionDate "2013.11.20"]
[SourceQuality "1"]

1. e4 c5 2. c4 d6 3. Nc3 e6 4. g3 Nc6 5. Bg2 Nf6 6. Nge2 Be7 7. 0-0 0-0 8. d3 a6 9. Be3 Qc7 10. h3 Bd7 11. f4 Rab8 12. b3 b5 13. g4 b4 14. Nb1 g6 15. Nd2 e5 16. Ng3 exf4 17. Bxf4 Ne8 18. Bh6 Ng7 19. Nf3 Bf6 20. Rc1 Qd8 21. Qd2 Qe7 22. Bf4 Ne6 23. g5 Bg7 24. Kh2 Nxf4 25. Qxf4 Ne5 26. Qe3 Rbe8 27. Nxe5 Bxe5 28. h4 Qe6 29. Rf3 Qg4 30. Rh1 f5 31. Bh3 Qxh4 32. Kg2 f4 33. Bxd7 Qxh1+ 34. Nxh1 fxe3 35. Bxe8 Rxe8 36. Ng3 Bd4 37. Ne2 Re5 38. Rg3 Kg7 39. Kf3 Re7 40. Rg4 a5 41. Rf4 Re5 42. Rf6 Rxg5 43. Rxd6 Be5 44. Ra6 Rh5 45. Kxe3 Rh3+ 46. Kd2 Rh2 47. Rxa5 Bc3+ 48. Ke3 Rh3+ 49. Kf4 Rxd3 50. e5 Bd2+ 51. Kg4 Re3 52. Ng1 h5+ 53. Kh4 Be1+ 54. Kg5 Rg3+ 55. Kf4 Rxg1 56. Rxc5 Rg4+ 57. Kf3 Kf7 58. Rc6 Ke7 59. Ra6 Bc3 60. e6 Rd4 61. Kg3 Rd6 62. Ra5 Kxe6 63. a4 bxa3 64. Rxa3 Rb6 65. Kf4 Bb2 66. Ra8 Rxb3 67. Ra6+ Kf7 68. Ra7+ Kg8 69. Ra6 Kg7 70. c5 Rc3 71. c6 Kh6 72. Rb6 Bc1+ 73. Ke4 h4 74. Kd4 Rc2 75. Kd3 Rd2+ 76. Kc3 Rd8 77. c7 Rc8 78. Rc6 Bf4 0-1

[Event "Wiesbaden op 24th"]
[Site "Wiesbaden"]
[Date "2012.08.24"]
[Round "2"]
[White "Achtmann, Armin Ludwig"]
[Black "Schoeneberger, Thomas"]
[Result "1-0"]
[WhiteElo "1931"]
[BlackElo "1393"]
[PlyCount "57"]
[EventDate "2012.08.23"]
[EventType "swiss"]
[EventRounds "7"]
[EventCountry "GER"]
[SourceTitle "CBM 150 Extra"]
[Source "ChessBase"]
[SourceDate "2012.10.19"]
[SourceVersion "1"]
[SourceVersionDate "2012.10.19"]
[SourceQuality "1"]

1. b4 e5 2. Bb2 d6 3. e4 a6 4. Bc4 Nc6 5. a3 Nh6 6. Ne2 Be7 7. d3 0-0 8. Nd2 Be6 9. 0-0 Bxc4 10. Nxc4 f5 11. f4 Bf6 12. fxe5 Bxe5 13. Nxe5 dxe5 14. d4 Ng4 15. Qd3 Qh4 16. h3 Nf6 17. exf5 exd4 18. Nxd4 Rad8 19. Qb3+ Rf7 20. Nxc6 bxc6 21. Rad1 Ne4 22. Rxd8+ Qxd8 23. Qe6 Ng3 24. Re1 Nxf5 25. Qxc6 Rf8 26. Qe6+ Kh8 27. Rf1 Ng3 28. Re1 h6 29. Qxh6+ 1-0

[Event "Karl Mala Memorial op 15th"]
[Site "Frankfurt"]
[Date "2012.07.05"]
[Round "1"]
[White "Froehlich Dill, Astrid"]
[Black "Schoeneberger, Thomas"]
[Result "1-0"]
[WhiteElo "1943"]
[BlackElo "1288"]
[PlyCount "107"]
[EventDate "2012.07.05"]
[EventType "swiss"]
[EventRounds "7"]
[EventCountry "GER"]
[SourceTitle "CBM 149 Extra"]
[Source "ChessBase"]
[SourceDate "2012.08.24"]
[SourceVersion "1"]
[SourceVersionDate "2012.08.24"]
[SourceQuality "1"]

1. d4 d5 2. c4 c6 3. Nf3 Bg4 4. e3 Nf6 5. Nc3 e6 6. Bd3 Be7 7. 0-0 0-0 8. a3 Nbd7 9. b4 a5 10. b5 c5 11. cxd5 exd5 12. dxc5 Nxc5 13. Be2 Nce4 14. Bb2 Rc8 15. Nxe4 dxe4 16. Nd4 Bxe2 17. Qxe2 Nd5 18. Qg4 Nf6 19. Qh4 Qd5 20. Rfd1 Rfd8 21. Qh3 Rc2 22. Rab1 Rc5 23. g3 Rxb5 24. Nxb5 Qxb5 25. Bxf6 Rxd1+ 26. Rxd1 gxf6 27. Qg4+ Kf8 28. Qxe4 f5 29. Qd4 f6 30. a4 Qb4 31. Qd7 Qe4 32. Rd4 Qb1+ 33. Kg2 b6 34. Rf4 Qc2 35. Rxf5 Qe4+ 36. Kh3 Kf7 37. Rf4 Qe6+ 38. Qxe6+ Kxe6 39. Rh4 f5 40. Rh6+ Bf6 41. Rxh7 Ke5 42. Rb7 Bd8 43. Rd7 Bf6 44. g4 Ke6 45. Rd3 Be5 46. f4 fxg4+ 47. Kxg4 Bd6 48. h4 Bf8 49. e4 Bg7 50. e5 Bf8 51. h5 Be7 52. h6 Bf8 53. Rd8 Ke7 54. h7 1-0

[Event "Eschborn op 09th"]
[Site "Eschborn"]
[Date "2012.06.03"]
[Round "5"]
[White "Schoeneberger, Thomas"]
[Black "Lehmann, Tornalf"]
[Result "0-1"]
[WhiteElo "1225"]
[BlackElo "1647"]
[PlyCount "38"]
[EventDate "2012.06.01"]
[EventType "swiss"]
[EventRounds "5"]
[EventCountry "GER"]
[SourceTitle "EXT 2014"]
[Source "ChessBase"]
[SourceDate "2013.11.20"]
[SourceVersion "1"]
[SourceVersionDate "2013.11.20"]
[SourceQuality "1"]

1. e4 Nf6 2. Nc3 e5 3. d3 Bb4 4. Bg5 Nc6 5. Nf3 d5 6. exd5 Qxd5 7. Bxf6 gxf6 8. Qd2 Qd6 9. h3 Be6 10. a3 Ba5 11. b4 Bb6 12. Ne4 Qe7 13. Qh6 0-0-0 14. Nxf6 Nd4 15. Rc1 Nf5 16. Qg5 h6 17. Qh5 Qxf6 18. g4 Nd4 19. Nxe5 Rd5 0-1